Determinación de patrones espectrales para distintos usos del suelo en ambientes heterogéneos /

Guardado en:
Autor Principal: Vazquez, Pablo.
Formato: Libro
Idioma:Undetermined
Publicado: Rauch : INTA, 2006.
Edición:1a ed.
Materias:
Etiquetas: Agregar Etiqueta
Sin Etiquetas, Sea el primero en etiquetar este registro!
LEADER 00646nam a22001935a 4500
001 CEM.cems024673
008 250610s2006####xx############000#0#und#d
005 20250610092736.0
245 1 0 |a Determinación de patrones espectrales para distintos usos del suelo en ambientes heterogéneos /  |c Pablo Vazquez; Sergio Masuelli; Gabriel Platzeck. 
250 |a 1a ed. 
260 |a Rauch :  |b INTA,  |c 2006. 
300 |a 15 p. ;  |c 25 cm. 
500 |a INTA Cuenca del Salado. 
020 |a 97818506496 
100 1 |a Vazquez, Pablo. 
082 0 4 |a 636.2 
653 |a Cuenca del Salado 
653 |a Suelo 
859 |a CEMS  |b BIB. CEMS - Agricultura  |h 636.2  |i V479  |p A3861.25  |t Ej.1